ISO nine thousand two thousand: (Record no. 226518)

MARC details
000 -LEADER
fixed length control field 00820nam a22002537a 4500
005 - DATE AND TIME OF LATEST TRANSACTION
control field 20230201144703.0
008 - FIXED-LENGTH DATA ELEMENTS--GENERAL INFORMATION
fixed length control field 230201b ||||| |||| 00| 0 eng d
040 ## - CATALOGING SOURCE
Transcribing agency AL
041 ## - LANGUAGE CODE
Language code of text/sound track or separate title eng
082 ## - DEWEY DECIMAL CLASSIFICATION NUMBER
Edition number 23
Classification number 657.45
Item number ALLI
100 ## - MAIN ENTRY--PERSONAL NAME
Personal name All India Institute of Management Studies
100 ## - MAIN ENTRY--PERSONAL NAME
9 (RLIN) 70490
245 ## - TITLE STATEMENT
Title ISO nine thousand two thousand:
Remainder of title Quality audit: Internal quality audting
260 ## - PUBLICATION, DISTRIBUTION, ETC.
Place of publication, distribution, etc. Chennai
Name of publisher, distributor, etc. All India Institute of Management Studies
Date of publication, distribution, etc. 2000
300 ## - PHYSICAL DESCRIPTION
Extent 201p.
Other physical details PB
Dimensions 23x13cm
365 ## - TRADE PRICE
Source of price type code Management
Currency code
650 ## - SUBJECT ADDED ENTRY--TOPICAL TERM
Topical term or geographic name entry element Planning
9 (RLIN) 70477
650 ## - SUBJECT ADDED ENTRY--TOPICAL TERM
Topical term or geographic name entry element Preliminary
9 (RLIN) 70478
650 ## - SUBJECT ADDED ENTRY--TOPICAL TERM
Topical term or geographic name entry element Closing Meeting
9 (RLIN) 70479
650 ## - SUBJECT ADDED ENTRY--TOPICAL TERM
Topical term or geographic name entry element Corrective Action
9 (RLIN) 70480
650 ## - SUBJECT ADDED ENTRY--TOPICAL TERM
Topical term or geographic name entry element Future of Auditing
9 (RLIN) 70481
650 ## - SUBJECT ADDED ENTRY--TOPICAL TERM
Topical term or geographic name entry element ISO 9000 2000
9 (RLIN) 70485
700 ## - ADDED ENTRY--PERSONAL NAME
Personal name ALL INDIA INSTITUTE OF MANAGEMENT STUDIES
9 (RLIN) 70482
942 ## - ADDED ENTRY ELEMENTS (KOHA)
Source of classification or shelving scheme Dewey Decimal Classification
Koha item type Donated Books
Holdings
Withdrawn status Lost status Source of classification or shelving scheme Damaged status Not for loan Collection code Home library Current library Date acquired Total Checkouts Full call number Barcode Date last seen Price effective from Koha item type
    Dewey Decimal Classification     Management St Aloysius Library St Aloysius Library 05/24/2013   657.45 ALLI D05090 02/01/2023 02/01/2023 Donated Books